[Event "European Team Championship"]
[Site "Reykjavik ISL"]
[Date "2015.11.22"]
[EventDate "2015.11.13"]
[Round "9.3"]
[Result "1-0"]
[White "Sergei Movsesian"]
[Black "Luka Paichadze"]
[WhiteElo "2666"]
[BlackElo "2573"]
[PlyCount "131"]

1. e4 c6 2. d4 d5 3. e5 c5 4. dxc5 e6 5. a3 Nc6 6. Nf3 Bxc5
7. b4 Bb6 8. Bb2 Nge7 9. Bd3 Ng6 10. O-O O-O 11. Re1 f6
12. exf6 gxf6 13. c4 Nf4 14. Bf1 e5 15. cxd5 Qxd5 16. Qxd5+
Nxd5 17. Nbd2 Bg4 18. g3 Rad8 19. Bg2 a6 20. Rac1 Nde7 21. Ne4
Rd3 22. Rc3 Rxc3 23. Bxc3 Kg7 24. h3 Be6 25. Rd1 Nd5 26. Bb2
Rd8 27. Bf1 Bf5 28. Nc3 Nxc3 29. Rxd8 Bxf2+ 30. Kxf2 Ne4+
31. Ke3 Nxd8 32. g4 Bg6 33. Bd3 Ng5 34. Nxg5 Bxd3 35. Kxd3
fxg5 36. Bxe5+ Kf7 37. Kc4 Ke7 38. Kd5 Ne6 39. Bg3 Kd7 40. Ke5
Ke7 41. Bh2 h6 42. Bg3 Nf8 43. Kf5 Kf7 44. Bf2 Ng6 45. Be3 b5
46. Bc1 Nf8 47. Ke5 Ke7 48. Kd5 Kd7 49. Bd2 Ng6 50. Be3 Nh4
51. Ke5 Ng2 52. Bc5 Nf4 53. Kf5 Nxh3 54. Bf8 a5 55. Bxh6 axb4
56. axb4 Ng1 57. Bxg5 Nf3 58. Be3 Ne1 59. Bd2 Nc2 60. Ke5 Kc6
61. g5 Kd7 62. Kd5 Na3 63. Kc5 Nb1 64. Be1 Ke6 65. Kxb5 Kf5
66. Ka4 1-0

[Event "European Team Championship"]
[Site "Reykjavik ISL"]
[Date "2015.11.22"]
[EventDate "2015.11.13"]
[Round "9.3"]
[Result "1/2-1/2"]
[White "Merab Gagunashvili"]
[Black "Hrant Melkumyan"]
[WhiteElo "2539"]
[BlackElo "2632"]
[PlyCount "98"]

1. d4 Nf6 2. c4 g6 3. Nf3 Bg7 4. g3 O-O 5. Bg2 c5 6. O-O cxd4
7. Nxd4 Nc6 8. Nc3 d6 9. Nxc6 bxc6 10. Bxc6 Rb8 11. Bg2 Qa5
12. Qc2 Bf5 13. e4 Be6 14. b3 Nxe4 15. Bxe4 Qxc3 16. Rb1 Qxc2
17. Bxc2 a5 18. Bg5 Rb7 19. Be4 Rc7 20. Bd2 a4 21. Rfc1 axb3
22. axb3 Rb8 23. Bd3 Ra7 24. Bc3 Rab7 25. Bxg7 Kxg7 26. Rc3
Rb4 27. Bc2 d5 28. cxd5 Bxd5 29. h4 e6 30. Bd1 h6 31. Rbc1 Rd4
32. Rb1 Rdb4 33. Rbc1 R8b6 34. Re3 Ra6 35. Be2 Ra3 36. Bc4
Bxc4 37. bxc4 Rxe3 38. fxe3 Kf6 39. Kf2 Ke7 40. g4 Kd6 41. Kg3
Kc5 42. g5 hxg5 43. hxg5 Rxc4 44. Rf1 Re4 45. Rxf7 Rxe3+
46. Kf4 Re1 47. Rg7 e5+ 48. Kf3 Rf1+ 49. Ke4 Re1+ 1/2-1/2

[Event "European Team Championship"]
[Site "Reykjavik ISL"]
[Date "2015.11.22"]
[EventDate "2015.11.13"]
[Round "9.4"]
[Result "1/2-1/2"]
[White "Daniel Fridman"]
[Black "Rauf Mamedov"]
[WhiteElo "2627"]
[BlackElo "2653"]
[PlyCount "95"]

1. d4 Nf6 2. c4 g6 3. Nc3 Bg7 4. e4 d6 5. Nf3 O-O 6. Be2 e5
7. O-O c6 8. Be3 exd4 9. Nxd4 Re8 10. f3 d5 11. cxd5 Nxd5
12. Nxd5 cxd5 13. Qb3 a5 14. Bb5 Bd7 15. a4 Nc6 16. Qxd5 Nxd4
17. Qxd7 Qxd7 18. Bxd7 Red8 19. Bh3 Nc2 20. Bb6 Nxa1 21. Bxd8
Bd4+ 22. Kh1 Rxd8 23. Rxa1 Bxb2 24. Rb1 Rd2 25. g3 Kf8 26. Bf1
Ke7 27. Bc4 g5 28. Bb3 Rf2 29. f4 gxf4 30. gxf4 b6 31. Bc4 Bd4
32. Rf1 Rb2 33. e5 Rb4 34. Bb5 Ke6 35. Kg2 Be3 36. Kg3 h5
37. Rf3 Bd2 38. Rf1 Rd4 39. Rf3 Bc1 40. Rf1 Be3 41. Rf3 Bd2
42. h3 Bc1 43. Rf1 Be3 44. f5+ Kxe5 45. Re1 Ke4 46. Bc6+ Kd3
47. Bb5+ Ke4 48. Bc6+ 1/2-1/2

[Event "European Team Championship"]
[Site "Reykjavik ISL"]
[Date "2015.11.22"]
[EventDate "2015.11.13"]
[Round "9.7"]
[Result "1-0"]
[White "Hannes Stefansson"]
[Black "Nils Grandelius"]
[WhiteElo "2602"]
[BlackElo "2644"]
[PlyCount "211"]

1. d4 Nf6 2. c4 e6 3. Nf3 d5 4. g3 Bb4+ 5. Bd2 Be7 6. Bg2 O-O
7. O-O c6 8. Qc2 Nbd7 9. Rd1 a5 10. Bf4 b5 11. Ne5 Bb7 12. b3
a4 13. Nd2 Nxe5 14. Bxe5 Ng4 15. Nf3 axb3 16. axb3 Nxe5
17. Nxe5 Rxa1 18. Rxa1 dxc4 19. e3 cxb3 20. Qxb3 Bd6 21. Bxc6
Bxe5 22. Bxb7 Qb6 23. Be4 Bd6 24. d5 e5 25. Qc2 g6 26. Qc6 Rb8
27. Ra6 Qxc6 28. dxc6 Rc8 29. Kg2 Rc7 30. Ra8+ Kg7 31. Rd8 Bf8
32. Kf3 b4 33. Bd5 Be7 34. Re8 Bd6 35. Ke4 Kf6 36. Kd3 Ra7
37. Kc4 Ra5 38. Rd8 Rc5+ 39. Kb3 Rxd5 40. c7 Rd3+ 41. Kb2 Bxc7
42. Rxd3 e4 43. Rd5 Be5+ 44. Kc2 Bc3 45. g4 h6 46. h4 Be1
47. Rd1 Bc3 48. Kb3 Ke6 49. Kc4 Bf6 50. h5 gxh5 51. gxh5 Bc3
52. Rh1 f5 53. Rg1 Kf7 54. Kb3 Bd2 55. Kc2 Bc3 56. Kb3 Bd2
57. Kb2 Bc3+ 58. Kc2 Bf6 59. f4 exf3 60. Rf1 Ke6 61. Rxf3 Ke5
62. Kd3 b3 63. Rf4 b2 64. Rb4 Kd5 65. Rb5+ Kc6 66. Kc4 Bg7
67. Rb3 Bf6 68. Kd3 Kd5 69. Rb5+ Kc6 70. Rb8 Be5 71. Rb3 Kd5
72. Kc2 Bf6 73. Rb6 Bg5 74. Rxb2 Ke4 75. Kd2 Bxe3+ 76. Ke2 f4
77. Rb4+ Bd4 78. Ra4 f3+ 79. Kd2 f2 80. Ke2 Ke5 81. Ra6 Be3
82. Ra8 f1=Q+ 83. Kxf1 Kf5 84. Ke2 Bc1 85. Rc8 Bb2 86. Rg8 Bc1
87. Kf3 Bd2 88. Rd8 Bc1 89. Rd5+ Ke6 90. Ke4 Bg5 91. Ra5 Bc1
92. Ra6+ Kf7 93. Rc6 Bg5 94. Ke5 Ke7 95. Rc7+ Kd8 96. Rf7 Bc1
97. Ke6 Kc8 98. Rd7 Bg5 99. Kd6 Bf4+ 100. Kc6 Kb8 101. Rb7+
Ka8 102. Rb4 Bh2 103. Kd7 Bg3 104. Ke6 Bf2 105. Kf7 Be3
106. Kg7 1-0

[Event "European Team Championship"]
[Site "Reykjavik ISL"]
[Date "2015.11.22"]
[EventDate "2015.11.13"]
[Round "9.7"]
[Result "0-1"]
[White "Erik Blomqvist"]
[Black "Gudmundur Kjartansson"]
[WhiteElo "2486"]
[BlackElo "2475"]
[PlyCount "108"]

1. e4 e5 2. Nf3 Nf6 3. Nxe5 d6 4. Nf3 Nxe4 5. d4 d5 6. Bd3 Nc6
7. O-O Be7 8. Nc3 Bf5 9. Re1 Nxc3 10. bxc3 Bxd3 11. Qxd3 O-O
12. c4 Re8 13. Rb1 b6 14. Bf4 Na5 15. c5 Nc4 16. Ne5 Nxe5
17. Rxe5 Bf8 18. Rxe8 Qxe8 19. Bxc7 bxc5 20. dxc5 Qc6 21. Bd6
Bxd6 22. cxd6 Qxd6 23. c4 d4 24. Rb5 Qe7 25. g3 Rd8 26. Rd5
Rxd5 27. cxd5 Qe1+ 28. Kg2 Qe5 29. Qc4 g5 30. a4 Kg7 31. a5 h5
32. h3 h4 33. gxh4 gxh4 34. a6 Qe4+ 35. Kf1 Qh1+ 36. Ke2 Qe4+
37. Kd2 Qf4+ 38. Kd3 Qf3+ 39. Kxd4 Qxh3 40. Ke5 Qh2+ 41. f4
Qb2+ 42. Kd6 h3 43. Qd3 Qg2 44. Qd4+ Kh7 45. Qxa7 Qg6+ 46. Kc7
h2 47. Qc5 h1=Q 48. a7 Qa1 49. d6 Qa4 50. Kb8 Qb1+ 51. Kc7
Qbc2 52. Qxc2+ Qxc2+ 53. Kb8 Qb3+ 54. Kc7 Qa4 0-1

[Event "European Team Championship"]
[Site "Reykjavik ISL"]
[Date "2015.11.22"]
[EventDate "2015.11.13"]
[Round "9.8"]
[Result "0-1"]
[White "Stephen R Burns-Mannion"]
[Black "Helgi Olafsson"]
[WhiteElo "2342"]
[BlackElo "2549"]
[PlyCount "152"]

1. e4 c5 2. Nf3 d6 3. d4 cxd4 4. Nxd4 Nf6 5. Nc3 a6 6. f4 Qc7
7. Be2 e5 8. Nb3 b5 9. a3 Bb7 10. Bf3 Nbd7 11. O-O Rc8 12. Kh1
exf4 13. Bxf4 Ne5 14. Qd4 Be7 15. Rae1 O-O 16. Bg3 Nfd7 17. a4
Bf6 18. Qb4 Nc4 19. Nd5 Bxd5 20. exd5 Be5 21. Bxe5 Ndxe5
22. axb5 Qb6 23. Be4 axb5 24. Qc3 g6 25. Qg3 Nxb2 26. Rf6 Nbc4
27. h4 Kg7 28. Rf4 h5 29. Bd3 Rce8 30. Nd4 Nxd3 31. cxd3 Rxe1+
32. Qxe1 Ne5 33. Qg3 Ng4 34. Qf3 Qd8 35. g3 Ne5 36. Qf1 Qa8
37. Qg2 Qa1+ 38. Kh2 Ra8 39. Nc2 Qc3 40. Nb4 Ra1 41. Nc6 Ng4+
42. Kh3 Qc1 43. Qe4 Qh1+ 44. Qxh1 Rxh1+ 45. Kg2 Rh2+ 46. Kg1
Rd2 47. Rf3 Nf6 48. Nb4 Rb2 49. Rf4 Ng4 50. Re4 Ne5 51. Kf1 f5
52. Rd4 Kf6 53. Rf4 Rd2 54. Rf2 Rd1+ 55. Ke2 Rb1 56. Rf4 Rb2+
57. Kf1 Ng4 58. Nc6 Ne3+ 59. Kg1 Rg2+ 60. Kh1 Rxg3 61. Rb4 Rg4
62. Rxb5 Rxh4+ 63. Kg1 Rf4 64. Rb8 Nxd5 65. Re8 h4 66. Nd8
Rg4+ 67. Kh2 Nf4 68. Nb7 h3 69. Re3 d5 70. Nc5 Rg2+ 71. Kh1
Ra2 72. Nd7+ Kg5 73. Ne5 Kh5 74. Nf7 Kh4 75. Rf3 Nh5 76. Kg1
h2+ 0-1

[Event "European Team Championship"]
[Site "Reykjavik ISL"]
[Date "2015.11.22"]
[EventDate "2015.11.13"]
[Round "9.8"]
[Result "1-0"]
[White "Johann Hjartarson"]
[Black "Alan Tate"]
[WhiteElo "2529"]
[BlackElo "2337"]
[PlyCount "101"]

1. c4 c6 2. Nf3 d5 3. e3 Nf6 4. b3 Bf5 5. Bb2 e6 6. Be2 h6
7. O-O Be7 8. d3 O-O 9. Nbd2 Nbd7 10. Qc2 Bh7 11. Rfe1 a5
12. a3 Bd6 13. e4 dxe4 14. dxe4 Qb6 15. Bd3 Nc5 16. Bd4 Rfd8
17. Bf1 Qc7 18. b4 Na6 19. Qb2 Be7 20. c5 Nb8 21. Bd3 Nbd7
22. Nc4 axb4 23. axb4 Qf4 24. Rxa8 Rxa8 25. Nfd2 Ng4 26. g3
Qg5 27. f3 Ngf6 28. Ra1 Rd8 29. Be3 Qh5 30. Be2 Ne8 31. Ra7
Nc7 32. Rxb7 Nb5 33. e5 f6 34. Nd6 Nxd6 35. exd6 Bf8 36. Qb3
Qe5 37. f4 Qa1+ 38. Kf2 Kh8 39. Qxe6 Nb8 40. d7 Qa8 41. Rc7
Bg8 42. Qh3 Be7 43. Qf5 Qa2 44. Bg4 Bd5 45. Rc8 Kg8 46. Qg6
Bf7 47. Qe4 Kf8 48. b5 h5 49. bxc6 Nxc6 50. Qxc6 hxg4 51. Qc7
1-0

[Event "European Team Championship"]
[Site "Reykjavik ISL"]
[Date "2015.11.22"]
[EventDate "2015.11.13"]
[Round "9.8"]
[Result "1-0"]
[White "Margeir Petursson"]
[Black "Andrew Burnett"]
[WhiteElo "2520"]
[BlackElo "2234"]
[PlyCount "109"]

1. c4 e5 2. g3 Nf6 3. Bg2 d5 4. cxd5 Nxd5 5. Nc3 Nb6 6. Nf3
Nc6 7. d3 Be7 8. O-O O-O 9. Be3 Be6 10. Rc1 f6 11. Ne4 Qd7
12. Bc5 Bd6 13. d4 exd4 14. Bxd6 cxd6 15. Nxd4 Nxd4 16. Qxd4
Bxa2 17. Qxd6 Qxd6 18. Nxd6 Rad8 19. Rfd1 Rd7 20. Nxb7 Re7
21. e3 Bf7 22. Na5 Re5 23. b4 Be8 24. h4 h6 25. Rd4 g5 26. Bf1
Kg7 27. Nb3 f5 28. Rc5 Re7 29. Bd3 f4 30. gxf4 gxf4 31. exf4
Re1+ 32. Kg2 Bf7 33. Rc7 Kh8 34. Nc5 Nd5 35. Rxf7 Rxf7
36. Rxd5 Rxf4 37. h5 Rxb4 38. Rd6 Rb6 39. Rd8+ Kg7 40. Rd7+
Kg8 41. Rxa7 Re5 42. Nd7 Rg5+ 43. Kf3 Rc6 44. Bg6 Kh8 45. Kf4
Rd6 46. Ne5 Rf6+ 47. Ke4 Rxf2 48. Nf7+ Kg8 49. Nxg5 hxg5
50. Ke5 g4 51. Bf5 Re2+ 52. Kf6 Re8 53. Bd7 Rf8+ 54. Kg6 Kh8
55. Be6 1-0

[Event "European Team Championship"]
[Site "Reykjavik ISL"]
[Date "2015.11.22"]
[EventDate "2015.11.13"]
[Round "9.9"]
[Result "0-1"]
[White "Igor Kovalenko"]
[Black "David Anton Guijarro"]
[WhiteElo "2694"]
[BlackElo "2630"]
[PlyCount "114"]

1. d4 f5 2. g3 Nf6 3. Bg2 g6 4. Nf3 Bg7 5. O-O O-O 6. c4 d6
7. Nc3 c6 8. d5 e5 9. e4 cxd5 10. cxd5 Na6 11. exf5 gxf5
12. Nh4 f4 13. a3 Bg4 14. Qc2 Rc8 15. Bd2 b5 16. b4 Rc4 17. h3
Bd7 18. Nf5 Bxf5 19. Qxf5 Nc7 20. Qg5 Qe8 21. g4 h6 22. Qf5
Nfxd5 23. Nxd5 Rxf5 24. gxf5 Qf7 25. Nxc7 Rxc7 26. Rac1 Rxc1
27. Rxc1 Qxf5 28. Bd5+ Kf8 29. Bb7 Qxh3 30. Rc8+ Ke7 31. Rc7+
Kf6 32. f3 Qg3+ 33. Kf1 h5 34. Be1 Qg5 35. Bf2 h4 36. Rd7 h3
37. Rxd6+ Ke7 38. Bc5 Qg2+ 39. Ke1 Qg3+ 40. Ke2 Qg2+ 41. Ke1
Qg3+ 42. Ke2 Bf6 43. Rd1+ Ke6 44. Bd5+ Kd7 45. Be4+ Kc7
46. Bd6+ Kc8 47. Bf5+ Kd8 48. Bxe5+ Ke7 49. Rd7+ Ke8 50. Bxf6
Qg2+ 51. Kd3 h2 52. Rh7 h1=Q 53. Rxh1 Qxf3+ 54. Kd2 Qxh1
55. Bd3 Qg2+ 56. Ke1 Qd5 57. Kd2 a6 0-1

[Event "European Team Championship"]
[Site "Reykjavik ISL"]
[Date "2015.11.22"]
[EventDate "2015.11.13"]
[Round "9.9"]
[Result "0-1"]
[White "Normunds Miezis"]
[Black "Renier Vazquez Igarza"]
[WhiteElo "2496"]
[BlackElo "2565"]
[PlyCount "116"]

1. c4 Nf6 2. g3 c5 3. Bg2 Nc6 4. e4 g6 5. Ne2 Bg7 6. Nbc3 O-O
7. d3 d6 8. O-O a6 9. a3 Rb8 10. Rb1 b5 11. cxb5 axb5 12. b4
Ba6 13. f4 Nd7 14. Kh1 Nd4 15. f5 e6 16. bxc5 dxc5 17. Nxd4
cxd4 18. Na2 Nc5 19. Nb4 Bb7 20. Rb2 Re8 21. f6 Bf8 22. e5 Qc7
23. Bf4 Ra8 24. Qc1 Rec8 25. Bh6 Nd7 26. Rc2 Bxg2+ 27. Kxg2
Qb7+ 28. Kh3 Bxb4 29. axb4 Rxc2 30. Qxc2 Nxe5 31. Qc5 Nxd3
32. Qxd4 Qd5 33. Qxd5 exd5 34. Bd2 d4 35. Rf3 Ne5 36. Rf4 Rd8
37. g4 Nc4 38. Rf2 d3 39. Kg3 h6 40. h4 Kh7 41. g5 Rd4 42. Rh2
h5 43. Kf3 Nxd2+ 44. Rxd2 Rxh4 45. Ke3 Rg4 46. Ra2 Rxg5
47. Ra7 Rd5 48. Rxf7+ Kh6 49. Kd2 Kg5 50. Rf8 h4 51. f7 Rd7
52. Rb8 Rxf7 53. Rxb5+ Kg4 54. Rb6 g5 55. b5 h3 56. Rh6 Kg3
57. Kxd3 h2 58. b6 Kg2 0-1

[Event "European Team Championship"]
[Site "Reykjavik ISL"]
[Date "2015.11.22"]
[EventDate "2015.11.13"]
[Round "9.10"]
[Result "1/2-1/2"]
[White "Ivan Saric"]
[Black "Daniele Vocaturo"]
[WhiteElo "2652"]
[BlackElo "2588"]
[PlyCount "109"]

1. e4 c5 2. Nf3 d6 3. d4 cxd4 4. Nxd4 Nf6 5. Nc3 a6 6. Be3 Ng4
7. Bc1 Nf6 8. f3 e5 9. Nb3 Be6 10. Be3 h5 11. Qd2 Nbd7 12. Nd5
Bxd5 13. exd5 g6 14. Be2 Bg7 15. Na5 Qc7 16. c4 e4 17. f4 Ng4
18. Bxg4 hxg4 19. Rd1 Nc5 20. O-O f5 21. b4 Nd3 22. c5 O-O
23. c6 bxc6 24. Nxc6 Qf7 25. a4 Kh7 26. Qa2 Rfc8 27. Rd2 Bc3
28. Rxd3 exd3 29. Qc4 Rxc6 30. Qxc6 Re8 31. Bf2 Bxb4 32. Qc4
Re4 33. Qxd3 a5 34. g3 Qc7 35. Qb5 Kg8 36. Qb6 Qxb6 37. Bxb6
Bc5+ 38. Bxc5 dxc5 39. Rb1 Rxa4 40. Rb5 c4 41. Kf2 Ra2+
42. Ke3 a4 43. Kd4 a3 44. Ra5 Rd2+ 45. Kc3 Rxh2 46. Rxa3 Kf7
47. Kxc4 Ke7 48. Ra7+ Kf6 49. Ra6+ Kf7 50. Re6 Rc2+ 51. Kd3
Ra2 52. Re3 Ra4 53. Kc3 Kf6 54. Re6+ Kf7 55. Re3 1/2-1/2

[Event "European Team Championship"]
[Site "Reykjavik ISL"]
[Date "2015.11.22"]
[EventDate "2015.11.13"]
[Round "9.10"]
[Result "1/2-1/2"]
[White "Sabino Brunello"]
[Black "Hrvoje Stevic"]
[WhiteElo "2562"]
[BlackElo "2604"]
[PlyCount "87"]

1. d4 d5 2. c4 dxc4 3. e4 Nf6 4. e5 Nd5 5. Bxc4 Nb6 6. Bb3 Nc6
7. Ne2 Bf5 8. Nbc3 e6 9. O-O Qd7 10. Be3 O-O-O 11. Qc1 Kb8
12. Rd1 Nb4 13. Ng3 Bg6 14. a3 N4d5 15. Bg5 Be7 16. Nge4 Nxc3
17. Nxc3 c6 18. Ba2 h6 19. Bxe7 Qxe7 20. b4 Rd7 21. Qe3 Rhd8
22. Rd2 Bf5 23. h3 h5 24. Re1 Ka8 25. Ne2 Qh4 26. Nf4 Kb8
27. g3 Qg5 28. Rc1 Qh6 29. Kh2 Qh7 30. f3 g5 31. Ne2 g4
32. fxg4 hxg4 33. h4 Be4 34. Nc3 Bf3 35. a4 Qf5 36. a5 Nd5
37. Bxd5 exd5 38. Qf4 Qxf4 39. gxf4 f5 40. Kg3 Rh7 41. Na4 a6
42. Nc5 Rh6 43. b5 cxb5 44. e6 1/2-1/2

[Event "European Team Championship"]
[Site "Reykjavik ISL"]
[Date "2015.11.22"]
[EventDate "2015.11.13"]
[Round "9.10"]
[Result "1/2-1/2"]
[White "Mladen Palac"]
[Black "Danyyil Dvirnyy"]
[WhiteElo "2577"]
[BlackElo "2561"]
[PlyCount "129"]

1. e4 e5 2. Nf3 Nc6 3. Bb5 Nf6 4. O-O Nxe4 5. d4 Nd6 6. Bxc6
dxc6 7. dxe5 Nf5 8. Qxd8+ Kxd8 9. Rd1+ Ke8 10. Nc3 Ne7 11. h3
Ng6 12. b3 Bb4 13. Ne2 Bf5 14. c3 Be7 15. Ng3 Bd7 16. Nh5 Rg8
17. c4 c5 18. Bb2 Bc6 19. Ne1 Nf8 20. f3 Ne6 21. Kf2 b5
22. cxb5 Bxb5 23. Nc2 c4 24. Ba3 cxb3 25. axb3 a6 26. Bxe7
Kxe7 27. Ne3 Rgd8 28. Nd5+ Kf8 29. Nhf4 Nxf4 30. Nxf4 Re8
31. Nd5 Rxe5 32. Nxc7 Ra7 33. Rac1 g6 34. f4 Re2+ 35. Kf3 Rb2
36. Nxb5 axb5 37. Rd3 Ra3 38. Rcc3 b4 39. Rc8+ Kg7 40. Rb8
Rbxb3 41. Rxb3 Rxb3+ 42. Kf2 h6 43. Rb6 h5 44. g3 Rb2+ 45. Kf3
b3 46. Rb7 Rb1 47. Rb6 Kf8 48. Rb7 Ke8 49. Kg2 f5 50. Rb6 Kd7
51. Rxg6 Kc7 52. Rg7+ Kc6 53. Rg8 Kc7 54. Rg7+ Kc6 55. Rg8 Rd1
56. Rc8+ Kb7 57. Rc3 Rd2+ 58. Kf3 b2 59. Rb3+ Kc6 60. Ke3 Rg2
61. Kd4 Kd6 62. Rb6+ Kc7 63. Rb3 Kd6 64. Rb6+ Kc7 65. Rb3
1/2-1/2

[Event "European Team Championship"]
[Site "Reykjavik ISL"]
[Date "2015.11.22"]
[EventDate "2015.11.13"]
[Round "9.10"]
[Result "1-0"]
[White "Axel Rombaldoni"]
[Black "Zdenko Kozul"]
[WhiteElo "2539"]
[BlackElo "2617"]
[PlyCount "115"]

1. d4 Nf6 2. c4 g6 3. Nc3 Bg7 4. e4 d6 5. Be2 O-O 6. Nf3 c6
7. O-O e5 8. Be3 exd4 9. Nxd4 Re8 10. f3 d5 11. cxd5 Nxd5
12. Nxd5 cxd5 13. Qb3 Nc6 14. Rad1 Nxd4 15. Bxd4 Bxd4+
16. Rxd4 Qf6 17. Rd2 Qf4 18. Qc3 Be6 19. g3 Qh6 20. e5 d4
21. Rxd4 Rac8 22. Qd2 Qf8 23. f4 Qc5 24. Kg2 Bxa2 25. Bf3 b5
26. Ra1 Be6 27. b4 Qc7 28. g4 Qe7 29. Ra6 Rc7 30. Rad6 Rec8
31. Rd8+ Kg7 32. Rxc8 Rxc8 33. Kg3 Qc7 34. Rd6 Qc3 35. Qxc3
Rxc3 36. Kf2 Rc4 37. Ke3 Rxb4 38. h3 Rb3+ 39. Kf2 a5 40. Be4
a4 41. f5 gxf5 42. gxf5 Bc4 43. h4 Rh3 44. Bg2 Rxh4 45. Kg3
Rh5 46. Kg4 Be2+ 47. Kf4 Rh4+ 48. Ke3 Bc4 49. Ra6 h5 50. Bf3
Bb3 51. Be4 b4 52. Ra8 Rxe4+ 53. Kxe4 Bc2+ 54. Kf4 b3 55. f6+
Kh7 56. e6 b2 57. Rh8+ Kg6 58. Rh6+ 1-0

[Event "European Team Championship"]
[Site "Reykjavik ISL"]
[Date "2015.11.22"]
[EventDate "2015.11.13"]
[Round "9.11"]
[Result "1-0"]
[White "Aloyzas Kveinys"]
[Black "Dragan Solak"]
[WhiteElo "2510"]
[BlackElo "2628"]
[PlyCount "109"]

1. d4 d5 2. c4 c6 3. Nc3 Nf6 4. e3 Bf5 5. cxd5 cxd5 6. Qb3 Nc6
7. Qxb7 Bd7 8. Qb3 Rb8 9. Qd1 e5 10. dxe5 Nxe5 11. Be2 Bd6
12. Nf3 Nxf3+ 13. Bxf3 Qc7 14. h3 O-O 15. O-O Rfd8 16. a4 Bh2+
17. Kh1 Be5 18. Qd3 Be6 19. Rd1 Qc8 20. Qf1 Rb4 21. Kg1 Ne4
22. Nxe4 dxe4 23. Be2 Rxd1 24. Qxd1 Bb3 25. Qd2 Rxa4 26. Rxa4
Bxa4 27. Bc4 Qd7 28. Qxd7 Bxd7 29. Bd5 Bf5 30. g4 Bg6 31. b3
h5 32. gxh5 Bf5 33. Kg2 Be6 34. Bxe6 fxe6 35. f4 Bc7 36. Bb2
a6 37. Bd4 Kf7 38. Kg3 Bb8 39. Kg4 Bd6 40. Bb6 Be7 41. Ba7 Bb4
42. Bd4 Bd6 43. Bb6 Be7 44. f5 e5 45. Bc7 Bc5 46. Bxe5 Bxe3
47. Bf4 Bd4 48. Bg5 Be5 49. h4 Bd6 50. h6 gxh6 51. Bxh6 Bc5
52. Bg5 Bd6 53. h5 Kg7 54. f6+ Kh7 55. Kf5 1-0

[Event "European Team Championship"]
[Site "Reykjavik ISL"]
[Date "2015.11.22"]
[EventDate "2015.11.13"]
[Round "9.11"]
[Result "1/2-1/2"]
[White "Baris Esen"]
[Black "Tautvydas Vedrickas"]
[WhiteElo "2565"]
[BlackElo "2320"]
[PlyCount "111"]

1. d4 Nf6 2. c4 g6 3. Nc3 Bg7 4. e4 d6 5. Nf3 O-O 6. Be2 Nbd7
7. O-O e5 8. Re1 exd4 9. Nxd4 Re8 10. Bf1 c6 11. Rb1 Nc5
12. f3 a5 13. Be3 Nh5 14. Qd2 g5 15. Nde2 Ne6 16. Rbd1 Be5
17. g3 Qf6 18. Bg2 Kh8 19. Rf1 Nhf4 20. gxf4 gxf4 21. Bd4 Rg8
22. Bxe5 dxe5 23. Kh1 Ng5 24. b3 Be6 25. Nxf4 exf4 26. Qd4
Qxd4 27. Rxd4 Bh3 28. Bxh3 Nxh3 29. Ne2 Rad8 30. Rxd8 Rxd8
31. Kg2 Rd2 32. Kxh3 Rxe2 33. Rd1 Rxa2 34. Rd7 Kg7 35. Rxb7 h5
36. Ra7 Rf2 37. Rxa5 Rxf3+ 38. Kg2 Rxb3 39. Rxh5 Re3 40. Rc5
Rxe4 41. Rxc6 Re3 42. Rd6 Rc3 43. Rd4 f3+ 44. Kg3 f6 45. Rg4+
Kf7 46. h4 Ke6 47. h5 f5 48. Rg6+ Ke5 49. h6 f2+ 50. Kxf2 Rxc4
51. Kg3 Rc1 52. Kh2 Rc4 53. Kh3 Rc1 54. Kg2 Rc2+ 55. Kg1 Rc1+
56. Kg2 1/2-1/2

[Event "European Team Championship"]
[Site "Reykjavik ISL"]
[Date "2015.11.22"]
[EventDate "2015.11.13"]
[Round "9.13"]
[Result "1/2-1/2"]
[White "Richard Forster"]
[Black "Jure Borisek"]
[WhiteElo "2459"]
[BlackElo "2565"]
[PlyCount "130"]

1. d4 Nf6 2. Bg5 d5 3. Bxf6 gxf6 4. c4 dxc4 5. e3 c5 6. Bxc4
cxd4 7. exd4 Bg7 8. Nc3 O-O 9. Nge2 f5 10. O-O Nc6 11. Re1 Bd7
12. a3 Rc8 13. Ba2 b5 14. Nxb5 Rb8 15. Qd3 e5 16. Nd6 Qf6
17. Nc4 e4 18. Qg3 Be6 19. b4 Nxd4 20. Nxd4 Qxd4 21. Ne3 Kh8
22. Rad1 Qc3 23. Rc1 Qxa3 24. Bxe6 fxe6 25. Nxf5 Qxg3 26. Nxg3
e3 27. fxe3 Rxb4 28. Rc7 a5 29. Ne2 a4 30. Ra7 Bb2 31. Nc1 Rd8
32. Na2 Rc4 33. Kf2 a3 34. Re2 Kg8 35. Rb7 Rc5 36. Rexb2 axb2
37. Rxb2 Rdc8 38. Kf3 Rc2 39. Rxc2 Rxc2 40. Nb4 Rd2 41. Nc6
Kf7 42. Ne5+ Ke7 43. Ng4 Ra2 44. Nf2 Kd6 45. g4 Kd5 46. h4 e5
47. Ne4 Ra7 48. Ng3 e4+ 49. Kf4 Ra2 50. Nf5 Rf2+ 51. Kg5 Ke5
52. h5 Rg2 53. Nh6 Rg3 54. Nf5 Rg1 55. Nh6 Kd5 56. Nf5 Kc4
57. Kf4 Kd3 58. g5 Rg2 59. h6 Rg1 60. Ng3 Ra1 61. Nxe4 Ra4
62. g6 hxg6 63. h7 Rxe4+ 64. Kg5 Re8 65. Kxg6 Kxe3 1/2-1/2

[Event "European Team Championship"]
[Site "Reykjavik ISL"]
[Date "2015.11.22"]
[EventDate "2015.11.13"]
[Round "9.14"]
[Result "1/2-1/2"]
[White "Ioannis Papaioannou"]
[Black "Nikola Djukic"]
[WhiteElo "2638"]
[BlackElo "2553"]
[PlyCount "142"]

1. d4 Nf6 2. Nf3 e6 3. g3 d5 4. Bg2 Be7 5. c4 O-O 6. O-O dxc4
7. Qc2 a6 8. a4 Bd7 9. Qxc4 Bc6 10. Bg5 Bd5 11. Qc2 Be4
12. Qc1 Nc6 13. e3 Nb4 14. Nc3 Bc6 15. a5 Nbd5 16. Rd1 Nxc3
17. bxc3 Be4 18. Bxf6 Bxf6 19. Ne1 Bxg2 20. Nxg2 c5 21. Nf4 b5
22. axb6 Qxb6 23. Rb1 Qa5 24. Ra1 Qb6 25. Qa3 cxd4 26. cxd4
Rfb8 27. Qd3 Qb5 28. Qc2 Qb2 29. Qd3 Qb5 30. Qc2 Qb2 31. Qxb2
Rxb2 32. Nd3 Rb5 33. Rdc1 a5 34. Ra4 Kf8 35. Kf1 e5 36. dxe5
Bxe5 37. Ke2 Bd6 38. Rcc4 Ke7 39. h3 Kd7 40. Ra2 Rc8 41. Rca4
Ra8 42. f4 h5 43. Kf3 f6 44. g4 hxg4+ 45. hxg4 Bc7 46. Rd2 Ke7
47. Re4+ Kf8 48. Rc4 Bb6 49. Rb2 Rxb2 50. Nxb2 Re8 51. Rc3 Ba7
52. Na4 Re7 53. e4 Rb7 54. g5 fxg5 55. fxg5 Bd4 56. Rc8+ Kf7
57. Kf4 Rb1 58. Rc6 Ke8 59. Rc8+ Kd7 60. Rc2 Kd6 61. Rc8 Rf1+
62. Kg4 Be3 63. Ra8 Rg1+ 64. Kf3 Bxg5 65. Rxa5 Bf6 66. Nb6
Rf1+ 67. Ke2 Rc1 68. Nd5 Bd4 69. Nf4 Rc5 70. Ra4 Bf6 71. Ra6+
Rc6 1/2-1/2

[Event "European Team Championship"]
[Site "Reykjavik ISL"]
[Date "2015.11.22"]
[EventDate "2015.11.13"]
[Round "9.15"]
[Result "0-1"]
[White "Mikael Agopov"]
[Black "Steven Geirnaert"]
[WhiteElo "2452"]
[BlackElo "2449"]
[PlyCount "130"]

1. e4 e5 2. Nf3 Nc6 3. Bb5 a6 4. Ba4 Nf6 5. O-O Nxe4 6. d4 b5
7. Bb3 d5 8. dxe5 Be6 9. Nbd2 Nc5 10. c3 Bg4 11. Qe2 Nxb3
12. Nxb3 Be7 13. Re1 O-O 14. h3 Bh5 15. Nbd4 Nxd4 16. cxd4 c5
17. dxc5 Bxc5 18. g4 Bg6 19. Be3 d4 20. Nxd4 Bxd4 21. Rad1 Qh4
22. Rxd4 Qxh3 23. Qf1 Qxf1+ 24. Kxf1 h5 25. gxh5 Bxh5 26. Rh4
Bf3 27. Kg1 Rfe8 28. Bc5 Rad8 29. Re3 Rd1+ 30. Kh2 Bd5 31. Rd4
Rh1+ 32. Kg3 Rg1+ 33. Kh2 Rh1+ 34. Kg3 Bxa2 35. f4 Be6 36. b4
Rc8 37. Red3 Rh3+ 38. Kf2 Rxd3 39. Rxd3 a5 40. Ke3 a4 41. Ke4
Bb3 42. Rc3 Rc6 43. Kd4 Ra6 44. Ke4 Rh6 45. Be3 Bc4 46. f5
Rh4+ 47. Bf4 g6 48. Rg3 Kh7 49. fxg6+ fxg6 50. e6 Bxe6 51. Ke5
Bc4 52. Bg5 Rh2 53. Bf6 Re2+ 54. Kf4 Rf2+ 55. Rf3 Rxf3+
56. Kxf3 Kh6 57. Kg4 Be2+ 58. Kh4 a3 59. Bg5+ Kg7 60. Bc1 a2
61. Bb2+ Kh6 62. Bc1+ g5+ 63. Bxg5+ Kg6 64. Bd2 a1=Q 65. Bc3
Qg1 0-1

[Event "European Team Championship"]
[Site "Reykjavik ISL"]
[Date "2015.11.22"]
[EventDate "2015.11.13"]
[Round "9.15"]
[Result "0-1"]
[White "Thibaut Vandenbussche"]
[Black "Mika Karttunen"]
[WhiteElo "2421"]
[BlackElo "2426"]
[PlyCount "146"]

1. e4 e6 2. d4 d5 3. Nc3 Bb4 4. Ne2 Nc6 5. a3 Ba5 6. Be3 Nge7
7. e5 Nf5 8. Ng3 Bxc3+ 9. bxc3 Nxe3 10. fxe3 Qg5 11. Qd2 h5
12. Rb1 Na5 13. c4 b6 14. cxd5 exd5 15. Qf2 h4 16. Ne2 Bb7
17. Nf4 Qe7 18. Bb5+ c6 19. Bd3 O-O-O 20. O-O Kb8 21. a4 Rh6
22. e4 dxe4 23. Bxe4 Qa3 24. Ne2 Ba6 25. Ra1 Qe7 26. Rae1 f6
27. Bd3 Bxd3 28. cxd3 fxe5 29. Nf4 Nb3 30. dxe5 g5 31. Nh3 Re6
32. Qf5 Re8 33. Nxg5 Rxe5 34. Qf4 Ka8 35. Rxe5 Qxe5 36. Qxe5
Rxe5 37. Rf8+ Kb7 38. Nf3 Ra5 39. Rf4 Nc5 40. Ne5 Rxa4 41. d4
Ne6 42. Rf7+ Nc7 43. Rd7 Ra5 44. g4 hxg3 45. h4 Rd5 46. h5
Rxd7 47. Nxd7 Ne6 48. h6 Ng5 49. Kg2 a5 50. Ne5 a4 51. Nf3
Nxf3 52. Kxf3 a3 53. h7 a2 54. h8=Q a1=Q 55. Kxg3 Qc3+ 56. Kf4
b5 57. Qd8 b4 58. Qd7+ Kb6 59. Ke4 Qc4 60. Qd8+ Kb5 61. Qa8 b3
62. Qb7+ Ka4 63. Qa7+ Kb4 64. Qb8+ Ka3 65. Qf8+ c5 66. Qa8+
Kb2 67. Ke3 Qxd4+ 68. Ke2 Kc2 69. Qe8 b2 70. Qg6+ Kb3 71. Qg3+
Qc3 72. Qb8+ Kc2 73. Qf4 Qd3+ 0-1